| 000 | 00390nam a2200157Ia 4500 | ||
|---|---|---|---|
| 008 | 230917s9999||||xx |||||||||||||| ||und|| | ||
| 020 | _cRS495 | ||
| 040 |
_e34133 _aMAIN |
||
| 041 | _aEnglish | ||
| 082 | _a150.95 A42A | ||
| 100 | _aKao, Henry S R, ed. | ||
| 245 | 0 | _aAsian perspectives on Psychology | |
| 260 |
_aNew Delhi _bSage Publications _c1997 |
||
| 300 | _a396 p. | ||
| 942 | _cBK | ||
| 999 |
_c111846 _d111846 |
||